THE SOCIAL WORLD (Record no. 3414)
[ view plain ]
| 000 -LEADER | |
|---|---|
| fixed length control field | 00254nam a22000977a 4500 |
| 008 - FIXED-LENGTH DATA ELEMENTS--GENERAL INFORMATION | |
| fixed length control field | 151009b xxu||||| |||| 00| 0 eng d |
| 082 ## - | |
| Classification number | 301 SOC |
| 100 ## - MAIN ENTRY--PERSONAL NAME | |
| Personal name | ROBERTSON,IAN (ED) |
| 245 ## - TITLE STATEMENT | |
| Title | THE SOCIAL WORLD |
| 260 ## - PUBLICATION, DISTRIBUTION, ETC. (IMPRINT) | |
| Place of publication, distribution, etc. | NEW YORK: |
| Name of publisher, distributor, etc. | WORTH PUBLISHERS,INC, |
| Date of publication, distribution, etc. | 1981. |
| Withdrawn status | Lost status | Source of classification or shelving scheme | Damaged status | Koha normalized classification for sorting | Not for loan | Home library | Current library | Shelving location | Date acquired | Total Checkouts | Full call number | Barcode | Date last seen | Price effective from | Koha item type |
|---|---|---|---|---|---|---|---|---|---|---|---|---|---|---|---|
| 301_000000000000000_SOC | Dodoma | Dodoma | Ground Floor | 09/10/2015 | 301 SOC | 000000009351 | 29/07/2019 | 09/10/2015 | BOOKS |